000 00745nam a2200205Ii 4500
003 JO-AjNU
008 230605s9999||||xx |||||||||||||| ||und||
017 _a2009/10/4335
040 _aJO-AjNU
_bara
_erda
_cJO-AjNU
041 _aara
050 1 4 _aHF5415.S95.2010
100 3 _aالصميدعي،محمود جاسم/بشير عباس العلاق,
_eauthor
_933268
245 0 0 _aمبادىء التسويق
264 3 1 _aعمان:دار المناهج للنشر والتوزيع؛2010
300 _a318ص
_bيحتوي على ببلوغرافية من ص309-318ص
336 _atext
_btxt
_2rdacontent
337 _aunmediated
_bn
_2rdamedia
338 _avolume
_bnc
_2rdacarrier
650 4 _aالتسويق -ادارة مبيعات
_933269
999 _aA13524
_c17092
_d17092